00382nam a2200133Ia 4500008004100000041001200041082001100053100001500064245009700079260003800176300000800214650000800222700001800230221030s9999 xx 000 0 und d aEnglish a105.23 aJ. Millman 0aIntegrated Electronics : Analog & Digital Circuits & Systemscby J. Millman, C. C. Halkias bMcGraw Hill Pub.aNew Yorkc1972 a911 aECE aC. C. Halkias